Le mythe de la Table Ronde - Statistiques

Statistiques générales
  • Ce quiz a été pris 350 fois
  • Le résultat moyen est 10 sur 14
Statistiques - réponses
Question Réponse % Correct
roi qui créa la fraternité de la Table Ronde Arthur
99%
l'enchanteur Merlin
97%
quête des chevaliers Graal
90%
épée du roi Excalibur
87%
la fée des eaux a élevé ce chevalier Lancelot
84%
son épouse Guenièvre
79%
chevalier Gallois interprété au cinéma par Fabrice Luchini Perceval
73%
fée maléfique, soeur de la fée des eaux Morgane
68%
région dans laquelle se trouve cette forêt Bretagne
65%
forêt de prédilection de la fée des eaux et de l'enchanteur Brocéliande
63%
où se situe la Table Ronde Camelot
61%
fée des eaux et dame du lac Viviane
41%
chevalier qui trouva le Saint ... Galaad
35%
chevalier tué par le chevalier élevé par la dame du lac Gauvain
29%
Aucun quiz correspondant
Distribution des résultats
% des personnes avec chaque résultat
Percentile par nombre de réponses
Votre historique - résultats
Vous n’avez pas pris ce quiz